00327nam a2200121Ia 4500008004100000041000800041082001600049100001400065245004500079260003800124300003100162365001200193240624s9999 xx 000 0 und d aeng a338.954 JHA aJHA VEENA aTRADE ENVIRONMENT AND SUSTAINABLE DEVELO c1997aLondonbMacmillan Press Ltd axiv, : 229 : p. : cm. ; 22 cBPSb25